Library of the University of Algiers 3
Ibrahim Sultan Cheibout
شعار جامعة الجزائر 3
مكتبة جامعة الجزائر 3
إبراهيم سلطان شيبوط

مبادئ الاستثمار / (رقم التسجيلة. 44651)

تفاصيل مارك
000 -LEADER
fixed length control field 01354nam a2200265Ia 4500
003 - CONTROL NUMBER IDENTIFIER
control field Ost
005 - DATE AND TIME OF LATEST TRANSACTION
control field 20260507075454.0
008 - FIXED-LENGTH DATA ELEMENTS--GENERAL INFORMATION
fixed length control field 260507s9999||||xx |||||||||||||| ||und||
040 ## - CATALOGING SOURCE
Transcribing agency fsecg
041 ## - LANGUAGE CODE
Language code of text/sound track or separate title ara
082 ## - DEWEY DECIMAL CLASSIFICATION NUMBER
Classification number 332.6
100 ## - MAIN ENTRY--PERSONAL NAME
Personal name صيام، احمد زكريا
Relator term مؤلف
245 #0 - TITLE STATEMENT
Title مبادئ الاستثمار /
Statement of responsibility, etc. احمد زكريا صيام
250 ## - EDITION STATEMENT
Edition statement طبعة 2
260 ## - PUBLICATION, DISTRIBUTION, ETC.
Place of publication, distribution, etc. عمان:
Name of publisher, distributor, etc. دار المناهج للنشر و التوزيع,
Date of publication, distribution, etc. 2003
300 ## - PHYSICAL DESCRIPTION
Extent 161 صفحة؛
Dimensions 24 سم
520 ## - SUMMARY, ETC.
Summary, etc. تضمن الكتاب عشرة فصول عرض من خلالها المفاهين والنظريات ذات العلاقة بالاستثمار مع دراسة المخاطر والعوائد وأثرها على اتخاذ قرار الاستثمار وتكوين المخاطر الاستثمارية و ذلك بدراسة مجالات الاستثمار وخصائص وأدزات الاستثمار المتنوعة وأسواقها وكيفية المفاضلة بين البدائل الاستثمارية لغاية اتخاذ قرار الاتصال
653 ## - INDEX TERM--UNCONTROLLED
Uncontrolled term الإستثمار
653 ## - INDEX TERM--UNCONTROLLED
Uncontrolled term الأسهم
653 ## - INDEX TERM--UNCONTROLLED
Uncontrolled term الأسواق المالية
653 ## - INDEX TERM--UNCONTROLLED
Uncontrolled term الأوراق المالية
653 ## - INDEX TERM--UNCONTROLLED
Uncontrolled term السندات
653 ## - INDEX TERM--UNCONTROLLED
Uncontrolled term السوق النقدية-المؤسسات
942 ## - ADDED ENTRY ELEMENTS (KOHA)
Koha item type كتب
المقتنيات
Withdrawn status Lost status Source of classification or shelving scheme Damaged status Not for loan Home library Current library Date acquired Serial enumeration / chronology Inventory number Total checkouts Full call number Barcode Date last seen Price effective from Koha item type
    Dewey Decimal Classification   NOT LOAN / إعارة داخلية مكتبة كلية العلوم الإقتصادية والعلوم التجارية وعلوم التسيير مكتبة كلية العلوم الإقتصادية والعلوم التجارية وعلوم التسيير 07/05/2026 الطابق الأرضي 4411   أ/2888ن1 4411 07/05/2026 07/05/2026 كتب
    Dewey Decimal Classification   Available مكتبة كلية العلوم الإقتصادية والعلوم التجارية وعلوم التسيير مكتبة كلية العلوم الإقتصادية والعلوم التجارية وعلوم التسيير 07/05/2026 الطابق الأرضي 4412   أ/2888ن2 4412 07/05/2026 07/05/2026 كتب
    Dewey Decimal Classification   Available مكتبة كلية العلوم الإقتصادية والعلوم التجارية وعلوم التسيير مكتبة كلية العلوم الإقتصادية والعلوم التجارية وعلوم التسيير 07/05/2026 الطابق الأرضي 4413   أ/2888ن3 4413 07/05/2026 07/05/2026 كتب
    Dewey Decimal Classification   Available مكتبة كلية العلوم الإقتصادية والعلوم التجارية وعلوم التسيير مكتبة كلية العلوم الإقتصادية والعلوم التجارية وعلوم التسيير 07/05/2026 الطابق الثاني 4414   أ/2888ن4 4414 07/05/2026 07/05/2026 كتب
    Dewey Decimal Classification   Available مكتبة كلية العلوم الإقتصادية والعلوم التجارية وعلوم التسيير مكتبة كلية العلوم الإقتصادية والعلوم التجارية وعلوم التسيير 07/05/2026 الطابق الثاني 4415   أ/2888ن5 4415 07/05/2026 07/05/2026 كتب
    Dewey Decimal Classification   Available مكتبة كلية العلوم الإقتصادية والعلوم التجارية وعلوم التسيير مكتبة كلية العلوم الإقتصادية والعلوم التجارية وعلوم التسيير 07/05/2026 مكتبة بن عكنون 4416   أ/2888ن6 4416 07/05/2026 07/05/2026 كتب
    Dewey Decimal Classification   Available مكتبة كلية العلوم الإقتصادية والعلوم التجارية وعلوم التسيير مكتبة كلية العلوم الإقتصادية والعلوم التجارية وعلوم التسيير 07/05/2026 مكتبة بن عكنون 4417   أ/2888ن7 4417 07/05/2026 07/05/2026 كتب
    Dewey Decimal Classification   Available مكتبة كلية العلوم الإقتصادية والعلوم التجارية وعلوم التسيير مكتبة كلية العلوم الإقتصادية والعلوم التجارية وعلوم التسيير 07/05/2026 مكتبة بن عكنون 4418   أ/2888ن8 4418 07/05/2026 07/05/2026 كتب

موارد الويب المفتوحة


© University of Algiers 3 All Rights Reserved
|
Implemented by LECHELAH Riad